00497nam a2200181Ia 450000500170000000800410001702000140005804000190007204100120009108200150010324500490011826000390016730000150020644000400022150400210026170000230028285000100030520221026104333.0131103s9999 xx 000 0 und d a340171715 aLoreto College aEnglish a155.4bVAR aStresses in childerncedited by Ved P. Varma aLondonbUniversity of Londonc1974 aviii,165p  aIncludes bibliographical references aChild Psychology aVarma, Ved P., ed. aLCLIB